000
00309nam a22001337a 4500
008
170505b xxu||||| |||| 00| 0 eng d
020
_a
9780761901891
041
_a
eng
080
_a
341
100
_a
15
101
_a
SHJ
245
_a
INTERNATIONAL LAW AND ORGANIZATION
_c
DERVORT, TH.R.V
942
_2
udc
_c
BK
999
_c
12734
_d
12734